| 000 | 00664nam a22002412a 4500 | ||
|---|---|---|---|
| 001 | 23341 | ||
| 003 | BD-RjUL | ||
| 005 | 20211209000923.0 | ||
| 008 | 140310s1955 ii 000 0 eng d | ||
| 035 | _a(BD-RjUL)23406 | ||
| 040 |
_aOSU _cOSU _dBD-RjUL _beng |
||
| 041 | _aeng | ||
| 082 |
_a819.2 _bGOS 1955 |
||
| 090 |
_aPK2905 _b.G6 |
||
| 100 | 1 |
_aGoldstücker, Theodor, _d1821-1872. _971901 |
|
| 245 | 1 | 0 |
_aSanskrit and culture / _cby Theodore Goldstucker |
| 250 | _a1st ed. | ||
| 260 |
_aCalcutta : _bS. Gupta (India), _c1955. |
||
| 300 |
_a160 p. : _c22 cm |
||
| 650 | 0 |
_aSanskrit literature _967423 |
|
| 651 | 0 |
_aIndia _xCivilization _971902 |
|
| 942 |
_2ddc _cBK |
||
| 999 |
_c23341 _d23341 |
||